000
00350nam a2200145Ia 4500
008
151213s9999 xx 000 0 und d
100
_a
John Atkins
245
_a
The Art of Ernest Hemingway
_c
John Atkins
260
_a
London
_b
Spring Books
_c
1952
300
_a
4524 p.
650
_a
English
650
_a
II
700
_a
John Atkins
999
_c
2899
_d
2899